000 01529cam a22003737a 4500
001 15855948
005 20180113135500.0
008 090806s2009 gw a frb 001 0 eng d
010 _a 2009934306
020 _a9783642041693
020 _a9783642041709 (e-ISBN)
035 _a(OCoLC)ocn436030881
040 _aBTCTA
_cBTCTA
_dBWX
_dYDXCP
_dTXH
_dGBVCP
_dOHX
_dVRC
_dDLC
_dEG-ScBUE
042 _alccopycat
050 0 0 _aQA76.9.D3
_bI5497 2009
082 0 4 _a006.3
_222
_bINT
245 0 _aIntelligent systems for knowledge management /
_cNgoc Thanh Nguyen and Edward Szczerbicki (eds.).
260 _aBerlin :
_bSpringer,
_c2009.
300 _axii, 329 p. :
_bill. ;
_c24 cm.
490 0 _aStudies in computational intelligence ;
_v252.
504 _aIncludes bibliographical references and index.
650 7 _aDatabase management
_vCongresses
_2BUEsh
_931847
650 7 _aArtificial intelligence
_vCongresses
_2BUEsh
_929498
650 7 _aKnowledge management
_vCongresses.
_2BUEsh
651 _2BUEsh
653 _bCOMSCI
_cJanuary2018
700 1 _aNguyen, Ngoc Thanh
_c(Computer scientist)
700 1 _aSzczerbicki, Edward.
856 4 2 _3Publisher description
_uhttp://www.loc.gov/catdir/enhancements/fy1315/2009934306-d.html
856 4 1 _3Table of contents only
_uhttp://www.loc.gov/catdir/enhancements/fy1315/2009934306-t.html
906 _a7
_bcbc
_ccopycat
_d2
_encip
_f20
_gy-gencatlg
942 _2ddc
999 _c25932
_d25904